Dynamic programming in chemical engineering and process control

محفوظ في:
التفاصيل البيبلوغرافية
المؤلف الرئيسي: Roberts, Sanford M (مؤلف)
التنسيق: كتاب
اللغة:الإنجليزية
منشور في: Nueva York Academic 1964
سلاسل:Mathematics in Science and Engineering, 12
الموضوعات:
الوسوم: إضافة وسم
لا توجد وسوم, كن أول من يضع وسما على هذه التسجيلة!

MARC

LEADER 00000nam a2200000 a 4500
001 UCU3886
003 CL-VaPUC
008 960510e19640000US |||||||||||||||||eng|d
082 0 4 |a 519.703  |b ROB  |2 21 
100 0 |a Roberts, Sanford M  |e author  |9 361099 
245 1 0 |a Dynamic programming in chemical engineering and process control 
300 |a 457 p 
942 |c BK 
945 |d 19960510 00:00:00  |a lriquelm 
260 |a Nueva York  |b Academic  |c 1964 
650 0 |a Programación dinámica   |9 324757 
650 0 |a Química  |9 259896 
650 0 |a Cálculo  |9 260234 
650 7 |a MODELOS DE ASIGNACION  |2 CL-VaPUC  |9 360112 
650 0 |a Investigación operativa  |9 259383 
583 |a last modification  |c 19960510 00:00:00  |k Rodrigo Vera 
490 0 |a Mathematics in Science and Engineering, 12 
999 |c 247750  |d 247748 
952 |0 0  |1 0  |4 0  |6 519_703000000000000_ROB_1964  |7 0  |8 A  |9 263888  |a BIBING  |b BIBING  |d 2019-11-19  |i 1657143  |o 519.703 ROB 1964  |p 1657143  |r 2025-01-20  |w 2019-11-19  |y BK  |k EIQ